000 00489nam a2200145 4500
999 _c16267
_d16267
008 210920b ||||| |||| 00| 0 eng d
022 _a0732-8435
082 _aDPer 657.05 C33 Apr - Sept 2016, v86 n4-9
100 _aBarry, Joanne S.
_942861
245 _aLeading the way on sustainability/
_cJoanne S. Barry.
260 _aNew York:
_bThe New York State Society of CPA,
_c©2016.
300 _av86 n6, page 5;
_billustrations:
_c28 cm.
650 _aLeadership.
_943595
942 _2ddc
_cPER